Geography Quiz

Random Geography or City Quiz

Geo Match-Up: Country, Capital, Language, Currency Quiz Stats

 Plays Quiz Updated Dec 10, 2014

Challenge
Share
Tweet
Score 0/11 Timer 03:00
13 Plays Today
% Correct
Australia
93.7%
Austria
91.1%
Argentina
86.9%
Afghanistan
72.6%
Andorra
71.8%
Antigua & Barbuda
63.2%
Algeria
50.8%
Albania
41.3%
Angola
36.8%
Armenia
27.1%
Azerbaijan
26.5%

You're not logged in!

Compare scores with friends on all Sporcle quizzes.
OR
Log In

You Might Also Like...

Show Comments

Extras

Top Quizzes Today


Score Distribution

Your Account Isn't Verified!

In order to create a playlist on Sporcle, you need to verify the email address you used during registration. Go to your Sporcle Settings to finish the process.

Report this User

Report this user for behavior that violates our Community Guidelines.

Details: